[Event "46th POL-ch (w)"]
[Site "Gdansk POL"]
[Date "1994.03.??"]
[Round "5"]
[White "Bednarska, Malgorzata"]
[Black "Bobrowska, Monika"]
[Result "0-1"]
[WhiteElo "2235"]
[BlackElo "2165"]
[EventDate "1994.03.13"]
[PlyCount "106"]

1.e4 e6 2.d4 d5 3.Nc3 Bb4 4.e5 c5 5.Bd2 Nc6 6.Qg4 Nge7 7.dxc5 Bxc5 8.Qxg7 
Ng6 9.Bb5 Bd7 10.Nf3 Qc7 11.Ng5 Qxe5+ 12.Qxe5 Ngxe5 13.f4 Ng6 14.O-O-O h6 
15.Nf3 O-O-O 16.f5 Nge7 17.fxe6 fxe6 18.Rde1 Bd6 19.Rhf1 a6 20.Bxc6 bxc6 
21.Na4 Rde8 22.Nb6+ Kd8 23.Nxd7 Kxd7 24.Ne5+ Bxe5 25.Rxe5 Rhf8 26.Rxf8 
Rxf8 27.Bxh6 Rh8 28.Bg5 Ng6 29.Re2 Rxh2 30.Kd2 e5 31.Be3 Rh5 32.c3 Ke6 33.
g4 Rh4 34.Rg2 Rh3 35.b4 Rh1 36.a4 Ra1 37.Kd3 e4+ 38.Kd4 Rf1 39.Rh2 Re1 40.
Rh3 Kf7 41.Rh7+ Kf6 42.Rc7 Rd1+ 43.Kc5 Ne5 44.Bd4 Ke6 45.Bxe5 Kxe5 46.Rxc6
e3 47.Rxa6 Rc1 48.Ra8 Rxc3+ 49.Kb5 Kf4 50.Rd8 e2 51.Rf8+ Kxg4 52.Re8 Kf3 
53.Rf8+ Ke3 0-1

[Event "46th POL-ch (w)"]
[Site "Gdansk POL"]
[Date "1994.03.??"]
[Round "5"]
[White "Henc, Renata"]
[Black "Guzkowska, Magdalena"]
[Result "0-1"]
[WhiteElo "2210"]
[BlackElo "2105"]
[EventDate "1994.03.13"]
[PlyCount "52"]

1.d4 Nf6 2.Nf3 g6 3.Bg5 Bg7 4.Nbd2 O-O 5.e4 d5 6.exd5 Nxd5 7.c4 Nb6 8.Ne4 
Bg4 9.Be3 Nc6 10.c5 Nd5 11.Be2 Bxf3 12.Bxf3 e5 13.dxe5 Nxe3 14.fxe3 Nxe5 
15.O-O Nc4 16.Qb3 Nxe3 17.Rfe1 Nf5 18.Qxb7 Rb8 19.Qxa7 Rxb2 20.Rad1 Nd4 
21.Kh1 Be5 22.Ng3 Qh4 23.Re4 Qh6 24.Rexd4 Bxd4 25.Rxd4 Rb1+ 26.Bd1 Qe3 0-1

[Event "46th POL-ch (w)"]
[Site "Gdansk POL"]
[Date "1994.03.??"]
[Round "5"]
[White "Kaczorowska, Barbara"]
[Black "Zielinska, Marta"]
[Result "1/2-1/2"]
[WhiteElo "2235"]
[BlackElo "2170"]
[EventDate "1994.03.13"]
[PlyCount "91"]

1.d4 Nf6 2.Nf3 g6 3.Bf4 Bg7 4.h3 d6 5.e3 O-O 6.Be2 c6 7.O-O Nbd7 8.Nbd2 
Re8 9.c3 h6 10.Bh2 c5 11.Qb3 a6 12.a4 b6 13.Bc4 Rf8 14.Nh4 Bb7 15.Rfe1 d5 
16.Be2 Re8 17.Nhf3 Rc8 18.Ne5 Nxe5 19.Bxe5 Nd7 20.Bxg7 Kxg7 21.Bf3 Nf6 22.
Rad1 Qc7 23.a5 b5 24.dxc5 Qxc5 25.e4 dxe4 26.Nxe4 Bxe4 27.Bxe4 Nxe4 28.
Rxe4 Rc7 29.Rd5 Qc6 30.Qd1 Rec8 31.Red4 Qf6 32.Rd8 Rxd8 33.Rxd8 Rc6 34.Qd2
Rd6 35.Rxd6 Qxd6 36.Qxd6 exd6 37.f4 Kf6 38.Kf2 Ke6 39.Ke3 Kd5 40.b3 f5 41.
Kd3 Kc5 42.b4+ Kd5 43.g3 h5 44.h4 Kc6 45.Kd4 Kc7 46.Kd3 1/2-1/2

[Event "46th POL-ch (w)"]
[Site "Gdansk POL"]
[Date "1994.03.??"]
[Round "5"]
[White "Leszner, Liliana"]
[Black "Dabrowska, Krystyna"]
[Result "1/2-1/2"]
[WhiteElo "2190"]
[BlackElo "2300"]
[EventDate "1994.03.13"]
[PlyCount "37"]

1.e4 e5 2.Nf3 d6 3.d4 Nf6 4.Nc3 Nbd7 5.Bc4 Be7 6.O-O O-O 7.dxe5 dxe5 8.Qe2
c6 9.Rd1 Qc7 10.Bg5 Nc5 11.Nh4 b5 12.Bd3 Rd8 13.Nf5 Bxf5 14.exf5 Rd7 15.
Bxf6 Bxf6 16.Ne4 Nxe4 17.Bxe4 Rad8 18.Rxd7 Qxd7 19.g3 1/2-1/2

[Event "46th POL-ch (w)"]
[Site "Gdansk POL"]
[Date "1994.03.??"]
[Round "5"]
[White "Grochot, Czeslawa"]
[Black "Lewandowska, Katarzyna"]
[Result "1/2-1/2"]
[WhiteElo "2170"]
[BlackElo "2130"]
[EventDate "1994.03.13"]
[PlyCount "53"]

1.e4 c5 2.Nf3 Nc6 3.d4 cxd4 4.Nxd4 Nf6 5.Nc3 e5 6.Ndb5 d6 7.Bg5 a6 8.Na3 
b5 9.Nd5 Qa5+ 10.Bd2 Qd8 11.Bg5 Qa5+ 12.Bd2 Qd8 13.Bg5 Be7 14.Bxf6 Bxf6 
15.c3 Bb7 16.Nc2 Nb8 17.Be2 Nd7 18.Nce3 Nb6 19.Nxb6 Qxb6 20.Nd5 Bxd5 21.
Qxd5 O-O 22.O-O Qc5 23.Rad1 Qxd5 24.Rxd5 Be7 25.Rfd1 Rfc8 26.g3 Rc5 27.Kg2
1/2-1/2

[Event "46th POL-ch (w)"]
[Site "Gdansk POL"]
[Date "1994.03.??"]
[Round "5"]
[White "Sadkiewicz, Joanna"]
[Black "Blimke, Dalia"]
[Result "1-0"]
[WhiteElo "2225"]
[BlackElo "2085"]
[EventDate "1994.03.13"]
[PlyCount "75"]

1.e4 c5 2.Nf3 Nc6 3.d4 cxd4 4.Nxd4 Qc7 5.Nc3 e6 6.Be2 a6 7.O-O Nf6 8.Kh1 
Nxd4 9.Qxd4 Bc5 10.Qd3 h5 11.f4 Ng4 12.Qg3 b5 13.e5 Bb7 14.Bf3 Rd8 15.Ne4 
Bxe4 16.Bxe4 g6 17.Bd2 Qb6 18.Be1 d5 19.exd6 Rxd6 20.h3 Ne3 21.Rf3 h4 22.
Qh2 b4 23.Bf2 Nf5 24.Bxf5 Bxf2 25.Bd3 Bd4 26.Rb1 Ke7 27.c3 Bc5 28.f5 bxc3 
29.fxg6 f6 30.Qf4 e5 31.Qc4 Re6 32.Bf5 cxb2 33.Bxe6 Rd8 34.Rb3 Qc6 35.Rb7+
Ke8 36.Bf7+ Kf8 37.g7+ Kxg7 38.Qg4+ 1-0

[Event "46th POL-ch (w)"]
[Site "Gdansk POL"]
[Date "1994.03.??"]
[Round "6"]
[White "Blimke, Dalia"]
[Black "Henc, Renata"]
[Result "1-0"]
[WhiteElo "2085"]
[BlackElo "2210"]
[EventDate "1994.03.13"]
[PlyCount "95"]

1.e4 e6 2.Nf3 d5 3.Nc3 Nf6 4.e5 Nfd7 5.d4 c5 6.dxc5 Nc6 7.Bf4 Nxc5 8.Bd3 
Be7 9.h4 h6 10.Rh3 a6 11.h5 Qb6 12.Rb1 Qb4 13.Bd2 Nxd3+ 14.cxd3 Qg4 15.Kf1
Bd7 16.a3 Rc8 17.Rc1 b5 18.Ne2 Qf5 19.Bf4 b4 20.axb4 Nxb4 21.Rxc8+ Bxc8 
22.Nfd4 Qh7 23.Qb3 O-O 24.Bd2 a5 25.Bxb4 Bxb4 26.Nc6 Bd7 27.Nxb4 Rb8 28.
Qa3 axb4 29.Qa7 Rd8 30.Nd4 Be8 31.Ke2 Kh8 32.Qe7 Rb8 33.Rf3 Qg8 34.g4 Rb6 
35.g5 hxg5 36.h6 gxh6 37.Rh3 Kh7 38.Nf3 Qg7 39.Nxg5+ Kg6 40.Rg3 Qxe5+ 41.
Ne4+ Kh5 42.Qxe8 Qxb2+ 43.Kf1 Qc1+ 44.Kg2 Qf4 45.Rh3+ Kg4 46.f3+ Kf5 47.
Qxf7+ Ke5 48.d4+ 1-0

[Event "46th POL-ch (w)"]
[Site "Gdansk POL"]
[Date "1994.03.??"]
[Round "6"]
[White "Guzkowska, Magdalena"]
[Black "Bednarska, Malgorzata"]
[Result "1/2-1/2"]
[WhiteElo "2105"]
[BlackElo "2235"]
[EventDate "1994.03.13"]
[PlyCount "55"]

1.d4 Nf6 2.c4 g6 3.Nc3 d5 4.Nf3 Bg7 5.e3 O-O 6.cxd5 Nxd5 7.Be2 c5 8.Qb3 
Nxc3 9.bxc3 Nc6 10.O-O cxd4 11.cxd4 Na5 12.Qb4 b6 13.a4 Bb7 14.Ba3 Bf6 15.
Nd2 Rc8 16.Rfc1 Qd7 17.h3 Rfd8 18.Bf3 Bxf3 19.Nxf3 Qd5 20.Ne5 Bxe5 21.dxe5
Nb3 22.Rxc8 Rxc8 23.Rb1 Nd2 24.Rc1 Rxc1+ 25.Bxc1 Nc4 26.Qxe7 Qd1+ 27.Kh2 
Qxc1 28.Qd8+ 1/2-1/2

[Event "46th POL-ch (w)"]
[Site "Gdansk POL"]
[Date "1994.03.??"]
[Round "6"]
[White "Lewandowska, Katarzyna"]
[Black "Leszner, Liliana"]
[Result "0-1"]
[WhiteElo "2130"]
[BlackElo "2190"]
[EventDate "1994.03.13"]
[PlyCount "68"]

1.d4 Nf6 2.Nf3 d6 3.c4 c6 4.Nc3 Nbd7 5.e4 e5 6.Be2 Be7 7.O-O O-O 8.Qc2 Re8
9.Rd1 Qc7 10.Bg5 h6 11.Be3 Ng4 12.Bc1 a6 13.d5 Qb6 14.Rf1 Nf8 15.h3 Nf6 
16.Be3 Qc7 17.Rac1 Bd7 18.Qd2 Ng6 19.Rfd1 c5 20.a3 Nh7 21.b4 b6 22.Bd3 Qc8
23.Kh2 Rf8 24.g4 Nh4 25.Nxh4 Bxh4 26.Rg1 Ng5 27.Be2 Qd8 28.f4 exf4 29.Bxf4
Qe7 30.bxc5 bxc5 31.e5 dxe5 32.Be3 Qd6 33.Rgf1 f5 34.gxf5 Bxf5 0-1

[Event "46th POL-ch (w)"]
[Site "Gdansk POL"]
[Date "1994.03.??"]
[Round "6"]
[White "Lukasiewicz, Anna"]
[Black "Dabrowska, Krystyna"]
[Result "1-0"]
[WhiteElo "2170"]
[BlackElo "2300"]
[EventDate "1994.03.13"]
[PlyCount "81"]

1.e4 e5 2.Nf3 d6 3.Bc4 Be7 4.d4 Nd7 5.dxe5 Nxe5 6.Nxe5 dxe5 7.Qh5 g6 8.
Qxe5 Nf6 9.Bh6 Rg8 10.Bg5 Ng4 11.Qf4 Rf8 12.Bxe7 Qxe7 13.Nc3 c6 14.O-O-O 
Bd7 15.Rxd7 Qxd7 16.Rd1 Qe7 17.Qxg4 Rd8 18.Rxd8+ Kxd8 19.Qf4 Kc8 20.e5 a5 
21.Ne4 b5 22.Bd3 Kb7 23.Nd6+ Kc7 24.Qe3 Ra8 25.f4 f6 26.Be4 Ra6 27.Qc5 
fxe5 28.fxe5 Kb8 29.a4 bxa4 30.Bd3 Qa7 31.Qxa7+ Rxa7 32.Bc4 Kc7 33.Ne8+ 
Kb6 34.Nf6 Kc5 35.Bg8 Kd4 36.e6 Ke5 37.Nxh7 c5 38.Bf7 c4 39.c3 Rb7 40.Nf8 
g5 41.e7 1-0

[Event "46th POL-ch (w)"]
[Site "Gdansk POL"]
[Date "1994.03.??"]
[Round "6"]
[White "Zielinska, Marta"]
[Black "Grochot, Czeslawa"]
[Result "1-0"]
[WhiteElo "2170"]
[BlackElo "2170"]
[EventDate "1994.03.13"]
[PlyCount "79"]

1.d4 Nf6 2.Nf3 d6 3.c4 Nbd7 4.Nc3 c6 5.e4 e5 6.g3 Be7 7.Bg2 O-O 8.O-O Qc7 
9.h3 a6 10.a4 a5 11.Be3 Re8 12.Qc2 Bf8 13.Rad1 g6 14.Rd2 exd4 15.Nxd4 Nc5 
16.Re2 Bg7 17.Rd1 Ne6 18.Red2 Bf8 19.b3 Nc5 20.Ndb5 cxb5 21.Nxb5 Qb8 22.
Nxd6 Bxd6 23.Rxd6 Ne6 24.f4 Ra6 25.c5 Nh5 26.Qf2 Qc7 27.f5 Nf8 28.g4 Ng7 
29.Bf4 Rxd6 30.Rxd6 Nd7 31.Rxg6 Qxc5 32.Be3 Qa3 33.Rh6 Qxb3 34.Bd4 Qd1+ 
35.Kh2 Qc1 36.Be3 Qa3 37.g5 Qxa4 38.g6 fxg6 39.f6 Rf8 40.e5 1-0

[Event "46th POL-ch (w)"]
[Site "Gdansk POL"]
[Date "1994.03.??"]
[Round "6"]
[White "Bobrowska, Monika"]
[Black "Kaczorowska, Barbara"]
[Result "1-0"]
[WhiteElo "2165"]
[BlackElo "2235"]
[EventDate "1994.03.13"]
[PlyCount "85"]

1.d4 Nf6 2.c4 c5 3.d5 b5 4.cxb5 a6 5.b6 d6 6.Nc3 Qxb6 7.e4 g6 8.Be2 Bg7 9.
Nf3 O-O 10.O-O Nbd7 11.Nd2 a5 12.a4 Ba6 13.Bb5 Rfb8 14.Qc2 Qd8 15.Nc4 Ne8 
16.Bxa6 Rxa6 17.Nb5 Nc7 18.Nca3 Nb6 19.Rb1 Nc8 20.Qe2 Raa8 21.Bd2 Na6 22.
Nc4 Nb4 23.Bxb4 cxb4 24.b3 Nb6 25.Rbc1 Rc8 26.Nxb6 Qxb6 27.Rc4 Rc5 28.Rfc1
Rac8 29.g3 e6 30.dxe6 fxe6 31.Qg4 Re8 32.Nxd6 Rxc4 33.Nxc4 Qc5 34.Kg2 Bd4 
35.f4 Kg7 36.Rd1 h5 37.Qg5 Ra8 38.Qxc5 Bxc5 39.Rd7+ Kf6 40.Rc7 Be7 41.e5+ 
Kf7 42.Nb6 Rd8 43.Nc8 1-0

[Event "46th POL-ch (w)"]
[Site "Gdansk POL"]
[Date "1994.03.??"]
[Round "6"]
[White "Krynicka, Jolanta"]
[Black "Sadkiewicz, Joanna"]
[Result "0-1"]
[WhiteElo "2150"]
[BlackElo "2225"]
[EventDate "1994.03.13"]
[PlyCount "66"]

1.Nf3 Nf6 2.g3 c5 3.Bg2 Nc6 4.O-O d5 5.d4 cxd4 6.Nxd4 Bg4 7.Nxc6 bxc6 8.c4
e6 9.Bg5 Bf5 10.Qa4 Qd7 11.Bxf6 gxf6 12.Nc3 Rb8 13.a3 Bg6 14.e4 d4 15.e5 
Rc8 16.Rad1 fxe5 17.b4 Bg7 18.f4 Qc7 19.Ne2 d3 20.Nc3 exf4 21.Ne4 fxg3 22.
Rxd3 gxh2+ 23.Kh1 O-O 24.Rh3 Rfd8 25.c5 Be5 26.Qb3 Rd7 27.Qe3 Rcd8 28.Qe2 
Rd4 29.Ng5 Rf4 30.Rxf4 Bxf4 31.Ne4 Qe5 32.Qe1 Rd4 33.Qe2 Rxe4 0-1

[Event "46th POL-ch (w)"]
[Site "Gdansk POL"]
[Date "1994.03.??"]
[Round "7"]
[White "Bednarska, Malgorzata"]
[Black "Blimke, Dalia"]
[Result "1-0"]
[WhiteElo "2235"]
[BlackElo "2085"]
[EventDate "1994.03.13"]
[PlyCount "115"]

1.e4 c5 2.Nf3 Nc6 3.d4 cxd4 4.Nxd4 Qc7 5.Nc3 e6 6.Be2 a6 7.O-O Nf6 8.Kh1 
Nxd4 9.Qxd4 Bc5 10.Qd3 h5 11.f4 Ng4 12.Nd1 b5 13.a4 b4 14.c4 Bb7 15.Ne3 
O-O-O 16.Nxg4 hxg4 17.Bxg4 Rh4 18.Qg3 Rdh8 19.e5 Qb6 20.a5 Qa7 21.h3 Bf2 
22.Rxf2 Rxg4 23.Qxg4 Qxf2 24.Kh2 g6 25.Qg3 Qc2 26.Be3 Qxb2 27.Rd1 Bc6 28.
Bf2 Qc2 29.Rd3 Qxc4 30.Qe3 Qe4 31.Qxe4 Bxe4 32.Rd4 Bc6 33.Rxb4 Bb5 34.Rb2 
Kb7 35.Kg3 Rc8 36.Kg4 Rc4 37.Kg5 Kc6 38.g3 d5 39.exd6 Kxd6 40.Kf6 Rc7 41.
Bd4 Kd5 42.Bb6 Rb7 43.Rc2 Bf1 44.h4 Bc4 45.Rd2+ Kc6 46.g4 e5 47.fxe5 Rb8 
48.Rc2 Kd5 49.Rxc4 Kxc4 50.Kxf7 Rh8 51.e6 Rxh4 52.e7 Rh7+ 53.Kf6 Rh8 54.
Kxg6 Kd5 55.Kg7 Rb8 56.Kf7 Ke4 57.g5 Kf5 58.g6 1-0

[Event "46th POL-ch (w)"]
[Site "Gdansk POL"]
[Date "1994.03.??"]
[Round "7"]
[White "Dabrowska, Krystyna"]
[Black "Lewandowska, Katarzyna"]
[Result "1-0"]
[WhiteElo "2300"]
[BlackElo "2130"]
[EventDate "1994.03.13"]
[PlyCount "81"]

1.e4 c5 2.Nf3 Nc6 3.d4 cxd4 4.Nxd4 Nf6 5.Nc3 e5 6.Ndb5 d6 7.Nd5 Nxd5 8.
exd5 Ne7 9.a4 a6 10.Nc3 f5 11.a5 b6 12.axb6 Qxb6 13.Bb5+ Kf7 14.O-O g6 15.
Be2 Qb7 16.f4 e4 17.Be3 Bg7 18.Bd4 Bxd4+ 19.Qxd4 Qa7 20.Rfd1 Qxd4+ 21.Rxd4
Bb7 22.Rda4 Rhc8 23.Ra5 h6 24.Kf2 g5 25.g3 gxf4 26.gxf4 Ng6 27.Ke3 Nh4 28.
Bxa6 Bxa6 29.Rxa6 Rab8 30.Rxd6 Rxb2 31.Ra7+ Kg8 32.Rc6 Rxc6 33.dxc6 Rxc2 
34.Nd5 Ng2+ 35.Kd4 Nxf4 36.Nxf4 Rxc6 37.h3 Rb6 38.Ke5 Rb5+ 39.Kf6 e3 40.
Rg7+ Kf8 41.Ne6+ 1-0

[Event "46th POL-ch (w)"]
[Site "Gdansk POL"]
[Date "1994.03.??"]
[Round "7"]
[White "Henc, Renata"]
[Black "Krynicka, Jolanta"]
[Result "1-0"]
[WhiteElo "2210"]
[BlackElo "2150"]
[EventDate "1994.03.13"]
[PlyCount "151"]

1.d4 Nf6 2.Nf3 g6 3.Bg5 Bg7 4.e3 O-O 5.Be2 d5 6.O-O Ne4 7.Bh4 c5 8.c3 Nc6 
9.Nbd2 Nxd2 10.Qxd2 c4 11.Ne1 Bf5 12.f3 b5 13.g4 Be6 14.e4 h6 15.Nc2 g5 
16.Bg3 Qd7 17.Ne3 f6 18.exd5 Bxd5 19.Nxd5 Qxd5 20.f4 Rac8 21.Bf3 Qd7 22.
Qe2 gxf4 23.Bxf4 e5 24.dxe5 Nxe5 25.Bxe5 fxe5 26.Rad1 Qe7 27.Rd5 a6 28.
Rfd1 Qf6 29.Be4 Qh4 30.Bf5 Rcd8 31.Qd2 Rxd5 32.Qxd5+ Kh8 33.Kg2 Qg5 34.Qd7
Qe3 35.Rf1 Qg5 36.Rf2 Rd8 37.Qc6 Rf8 38.h3 Qf6 39.Qd7 Qd8 40.Qe6 Qf6 41.
Qd7 Qd8 42.Qa7 Qd5+ 43.Kg1 Qd1+ 44.Rf1 Qd6 45.Qb7 Qc5+ 46.Kg2 Qd6 47.Rf2 
Rb8 48.Qe4 Rd8 49.Qe3 a5 50.Bc2 Qd5+ 51.Be4 Qd6 52.Qa7 Rf8 53.Rxf8+ Qxf8 
54.Qxa5 Qd6 55.Qa8+ Bf8 56.Qd5 Qxd5 57.Bxd5 Be7 58.Bc6 b4 59.Kf3 Kg7 60.
Ke4 bxc3 61.bxc3 Kf6 62.a4 Bd8 63.Kd5 Ba5 64.Kxc4 Ke6 65.Be4 Kd6 66.Bg6 
Kc6 67.Be8+ Kd6 68.Bb5 Bb6 69.Kd3 Ba5 70.c4 Kc5 71.Ke4 Bc3 72.h4 Be1 73.g5
Bxh4 74.gxh6 Bf6 75.a5 Bh8 76.Kf5 1-0

[Event "46th POL-ch (w)"]
[Site "Gdansk POL"]
[Date "1994.03.??"]
[Round "7"]
[White "Kaczorowska, Barbara"]
[Black "Guzkowska, Magdalena"]
[Result "0-1"]
[WhiteElo "2235"]
[BlackElo "2105"]
[EventDate "1994.03.13"]
[PlyCount "58"]

1.d4 Nf6 2.Nf3 g6 3.c4 c5 4.e3 Bg7 5.Nc3 cxd4 6.exd4 O-O 7.a3 d5 8.Bg5 Ne4
9.Be3 Nxc3 10.bxc3 dxc4 11.Bxc4 Qc7 12.Nd2 Nc6 13.Rc1 b6 14.O-O Bb7 15.Ba2
Rad8 16.Qg4 Kh8 17.Nf3 e6 18.Qh4 Ne7 19.Bf4 Qd7 20.Ne5 Qe8 21.Bb1 f6 22.
Ng4 Rd5 23.Rfe1 Rh5 24.Qg3 Nf5 25.Bxf5 gxf5 26.Ne3 e5 27.dxe5 fxe5 28.Bg5 
f4 29.Qg4 Bc8 0-1

[Event "46th POL-ch (w)"]
[Site "Gdansk POL"]
[Date "1994.03.??"]
[Round "7"]
[White "Leszner, Liliana"]
[Black "Zielinska, Marta"]
[Result "1/2-1/2"]
[WhiteElo "2190"]
[BlackElo "2170"]
[EventDate "1994.03.13"]
[PlyCount "143"]

1.e4 e5 2.Nf3 Nc6 3.Bb5 Nf6 4.O-O Bc5 5.c3 Bb6 6.Bxc6 dxc6 7.Nxe5 Nxe4 8.
Qe2 Qd5 9.d4 Be6 10.Na3 O-O-O 11.Nac4 Nd6 12.b3 Rhe8 13.a4 f6 14.Nxd6+ 
cxd6 15.Nc4 Bh3 16.Ne3 Qxg2+ 17.Nxg2 Rxe2 18.Be3 Re8 19.Bf4 Kd7 20.Rfd1 
Bxg2 21.Kxg2 g5 22.Bg3 h5 23.h4 R8e4 24.hxg5 fxg5 25.a5 Bd8 26.b4 h4 27.
Bh2 g4 28.d5 g3 29.dxc6+ bxc6 30.Bg1 gxf2 31.Bxf2 h3+ 32.Kf3 a6 33.Rh1 Bf6
34.Rac1 Bg5 35.Rcd1 Bf6 36.Rd3 Re7 37.Rxh3 Rc2 38.Kg2 Ree2 39.Rdf3 Bxc3 
40.Kf1 Rxf2+ 41.Rxf2 Rxf2+ 42.Kxf2 Bxb4 43.Rh7+ Ke6 44.Ke2 Kd5 45.Ra7 Bxa5
46.Rxa6 Bb4 47.Kd3 c5 48.Ra1 c4+ 49.Kc2 Kc5 50.Rh1 d5 51.Rh5 Be1 52.Re5 
Bf2 53.Rf5 Bd4 54.Rh5 Kd6 55.Rh6+ Ke5 56.Rh5+ Ke6 57.Rh6+ Bf6 58.Rh5 Be5 
59.Rh6+ Kf5 60.Rh5+ Kf4 61.Rh4+ Kg5 62.Rh7 Kf5 63.Rh5+ Ke6 64.Rh6+ Bf6 65.
Rh5 Kd6 66.Rh6 Ke5 67.Rh5+ Ke4 68.Rh6 Bg5 69.Re6+ Kf5 70.Rc6 Bf4 71.Rxc4 
dxc4 72.Kc3 1/2-1/2

[Event "46th POL-ch (w)"]
[Site "Gdansk POL"]
[Date "1994.03.??"]
[Round "7"]
[White "Grochot, Czeslawa"]
[Black "Bobrowska, Monika"]
[Result "0-1"]
[WhiteElo "2170"]
[BlackElo "2165"]
[EventDate "1994.03.13"]
[PlyCount "64"]

1.e4 e6 2.d4 d5 3.Nd2 Nf6 4.e5 Nfd7 5.Bd3 c5 6.c3 Nc6 7.Ne2 cxd4 8.cxd4 f6
9.exf6 Qxf6 10.Nf3 Bd6 11.Bg5 Qf7 12.O-O O-O 13.Bh4 h6 14.Rc1 e5 15.dxe5 
Ndxe5 16.Nxe5 Bxe5 17.Bb1 g5 18.Bg3 Bxb2 19.Rc5 Bg4 20.f3 Be6 21.Qc2 Bf6 
22.Kh1 a6 23.Qd2 Rad8 24.f4 Be7 25.Rcc1 Bb4 26.Qb2 Qe7 27.Rcd1 Bg4 28.Bd3 
Rde8 29.fxg5 Rxf1+ 30.Rxf1 Bxe2 31.Bxe2 Qxe2 32.Rf8+ Bxf8 0-1

[Event "46th POL-ch (w)"]
[Site "Gdansk POL"]
[Date "1994.03.??"]
[Round "7"]
[White "Sadkiewicz, Joanna"]
[Black "Lukasiewicz, Anna"]
[Result "1-0"]
[WhiteElo "2225"]
[BlackElo "2170"]
[EventDate "1994.03.13"]
[PlyCount "69"]

1.e4 c5 2.Nf3 Nc6 3.d4 cxd4 4.Nxd4 e5 5.Nb5 d6 6.N1c3 a6 7.Na3 b5 8.Nd5 
Nge7 9.c4 Nd4 10.Be3 Nxd5 11.cxd5 Be7 12.Bxd4 exd4 13.Nc2 O-O 14.Bd3 f5 
15.O-O f4 16.f3 Bh4 17.Qd2 Bg3 18.hxg3 fxg3 19.Rfc1 Qh4 20.Ne1 Qh2+ 21.Kf1
Bh3 22.Ke2 Bxg2 23.Nxg2 Qxg2+ 24.Kd1 Qxf3+ 25.Kc2 Qg4 26.Rf1 h5 27.Qe2 
Rac8+ 28.Kb3 Qg5 29.Rf5 Rxf5 30.exf5 Kf8 31.Re1 Qe3 32.Qd1 Qg5 33.Be4 h4 
34.Bg2 Rd8 35.Qxd4 1-0

[Event "46th POL-ch (w)"]
[Site "Gdansk POL"]
[Date "1994.03.??"]
[Round "8"]
[White "Blimke, Dalia"]
[Black "Kaczorowska, Barbara"]
[Result "1-0"]
[WhiteElo "2085"]
[BlackElo "2235"]
[EventDate "1994.03.13"]
[PlyCount "103"]

1.e4 c6 2.d4 d5 3.Nd2 dxe4 4.Nxe4 Nd7 5.Nf3 Ngf6 6.Nxf6+ Nxf6 7.Ne5 Bf5 8.
c3 e6 9.g4 Be4 10.f3 Bg6 11.h4 h6 12.Nxg6 fxg6 13.Bd3 Qd5 14.Bxg6+ Kd7 15.
Bf4 Bd6 16.Bxd6 Qxd6 17.Qe2 Qg3+ 18.Qf2 Qf4 19.O-O Rhf8 20.Qh2 Nd5 21.Qxf4
Rxf4 22.Rae1 Raf8 23.Kg2 Ne7 24.Bc2 h5 25.Re4 hxg4 26.Rxf4 Rxf4 27.fxg4 
Rxf1 28.Kxf1 Kd6 29.h5 Nd5 30.g5 Ke7 31.h6 gxh6 32.gxh6 Kf6 33.Kf2 b5 34.
Kf3 a5 35.h7 Kg7 36.Be4 Nb6 37.Bxc6 b4 38.cxb4 axb4 39.Be4 Na4 40.Ke3 Nxb2
41.Kd2 Na4 42.Bd3 Nb6 43.Bc2 Nd5 44.Bb3 Nc7 45.Kd3 Kxh7 46.Kc4 Kg7 47.Kxb4
e5 48.d5 Kf6 49.Kc5 e4 50.d6 Na6+ 51.Kd4 Kf5 52.Ba4 1-0

[Event "46th POL-ch (w)"]
[Site "Gdansk POL"]
[Date "1994.03.??"]
[Round "8"]
[White "Guzkowska, Magdalena"]
[Black "Grochot, Czeslawa"]
[Result "1-0"]
[WhiteElo "2105"]
[BlackElo "2170"]
[EventDate "1994.03.13"]
[PlyCount "111"]

1.c4 Nf6 2.Nc3 d6 3.g3 g6 4.Bg2 Bg7 5.d4 O-O 6.e3 c6 7.Nge2 Nbd7 8.O-O e5 
9.b4 Re8 10.Rb1 Qc7 11.b5 e4 12.Ba3 Nf8 13.Qa4 Bf5 14.Qb4 d5 15.cxd5 cxd5 
16.Nf4 Qd7 17.Qd6 Red8 18.Qxd7 Rxd7 19.Rfc1 g5 20.Nfe2 Ng6 21.Bf1 b6 22.
Bb4 h5 23.a4 Bf8 24.Na2 h4 25.h3 hxg3 26.fxg3 Kg7 27.g4 Be6 28.Ng3 Nh4 29.
Be2 Ne8 30.Bxf8+ Kxf8 31.Nb4 Nd6 32.Rc3 Rad8 33.Rbc1 Kg7 34.Kf2 Kg6 35.Nc6
Kg7 36.Nxd8 Rxd8 37.Rc7 Nc8 38.Bd1 Ng6 39.Bb3 Nge7 40.Nf5+ Nxf5 41.gxf5 
Bxf5 42.Kg3 Be6 43.Bd1 Kg6 44.R1c6 Nd6 45.Rxa7 Nc4 46.Bg4 Kf6 47.Bxe6 fxe6
48.a5 Nxa5 49.Rxb6 Nc4 50.Rbb7 Nd6 51.Rh7 e5 52.Rh6+ Kf5 53.Ra6 exd4 54.
Raxd6 Rxd6 55.Rxd6 Ke5 56.Rd8 1-0

[Event "46th POL-ch (w)"]
[Site "Gdansk POL"]
[Date "1994.03.??"]
[Round "8"]
[White "Lukasiewicz, Anna"]
[Black "Lewandowska, Katarzyna"]
[Result "1-0"]
[WhiteElo "2170"]
[BlackElo "2130"]
[EventDate "1994.03.13"]
[PlyCount "80"]

1.d4 f5 2.Bf4 Nf6 3.e3 e6 4.Bd3 b6 5.Qf3 Nc6 6.h4 Bb7 7.h5 Nd5 8.Ne2 Ncb4 
9.e4 Nf6 10.Nbc3 fxe4 11.Nxe4 Nxd3+ 12.cxd3 Bb4+ 13.N2c3 Nxe4 14.dxe4 O-O 
15.Qg3 Qf6 16.Be5 Bd6 17.h6 g6 18.Bxf6 Bxg3 19.e5 Rxf6 20.exf6 Bd6 21.f3 
Bg3+ 22.Ke2 d5 23.Ke3 e5 24.dxe5 Bxe5 25.Kd3 Bxf6 26.Rae1 Kf7 27.f4 Rd8 
28.g4 c5 29.Rh2 c4+ 30.Kd2 d4 31.Ne4 Bh8 32.Ng5+ Kg8 33.Re7 d3 34.Rxb7 
Bxb2 35.Ne4 Re8 36.Nf6+ Bxf6 37.Rxa7 Rd8 38.Ra3 b5 39.g5 Bh8 40.Rf2 Bb2 
1-0

[Event "46th POL-ch (w)"]
[Site "Gdansk POL"]
[Date "1994.03.??"]
[Round "8"]
[White "Zielinska, Marta"]
[Black "Dabrowska, Krystyna"]
[Result "1/2-1/2"]
[WhiteElo "2170"]
[BlackElo "2300"]
[EventDate "1994.03.13"]
[PlyCount "172"]

1.d4 Nf6 2.Nf3 e6 3.c4 b6 4.g3 Ba6 5.b3 Bb4+ 6.Bd2 Be7 7.Bc3 c6 8.Nbd2 d5 
9.Bg2 O-O 10.O-O Nbd7 11.Re1 Rc8 12.Bf1 c5 13.e3 Bb7 14.Rc1 dxc4 15.bxc4 
Ne4 16.Nxe4 Bxe4 17.Nd2 Ba8 18.Bg2 Bxg2 19.Kxg2 Nf6 20.Bb2 Rc7 21.Nb3 Qa8+
22.Kg1 Rd8 23.Qe2 Ne4 24.f3 Ng5 25.Kg2 h6 26.Red1 cxd4 27.exd4 Bf6 28.Rd3 
Qb7 29.Nd2 Rcd7 30.Qe3 e5 31.d5 Qb8 32.Rb3 Re7 33.h4 Nh7 34.Ne4 Ree8 35.a4
Be7 36.Qd3 f5 37.Nd2 Qc8 38.Bxe5 Bxh4 39.f4 Bf6 40.Nf3 Bxe5 41.fxe5 f4 42.
Qg6 fxg3 43.e6 Qc5 44.Qf7+ Kh8 45.Ne5 Ng5 46.Qf4 Rxd5 47.cxd5 Qxd5+ 48.Nf3
Qxb3 49.Nxg5 Qd5+ 50.Nf3 Rxe6 51.Rc7 Kh7 52.Rc8 Rf6 53.Qe3 Qa2+ 54.Kh3 g2 
55.Qe4+ Rg6 56.Rh8+ Kxh8 57.Qxg6 Qxa4 58.Kxg2 Qf4 59.Qe8+ Kh7 60.Qd7 h5 
61.Qe7 a5 62.Ng5+ Kg6 63.Ne6 Qf6 64.Qe8+ Kf5 65.Nf8 h4 66.Qd7+ Ke4 67.Qa4+
Qd4 68.Qe8+ Kd3 69.Ne6 Qg4+ 70.Kf1 h3 71.Qb5+ Qc4 72.Qf5+ Kd2+ 73.Kg1 Qd3 
74.Qf2+ Kc3 75.Nf4 Qd2 76.Ne2+ Kd3 77.Nf4+ Kc2 78.Ne2 g5 79.Kh2 g4 80.Qf5+
Qd3 81.Qxg4 b5 82.Nf4 Qc3 83.Qf5+ Kd1 84.Qh5+ Kc2 85.Qf5+ Kb3 86.Qxb5+ Qb4
1/2-1/2

[Event "46th POL-ch (w)"]
[Site "Gdansk POL"]
[Date "1994.03.??"]
[Round "8"]
[White "Bobrowska, Monika"]
[Black "Leszner, Liliana"]
[Result "1/2-1/2"]
[WhiteElo "2165"]
[BlackElo "2190"]
[EventDate "1994.03.13"]
[PlyCount "106"]

1.d4 Nf6 2.c4 d6 3.Nc3 c6 4.e4 Nbd7 5.Nf3 e5 6.Be2 Be7 7.O-O O-O 8.Be3 Qc7
9.d5 c5 10.a3 a6 11.Ne1 Ne8 12.Nd3 g6 13.f4 exf4 14.Bxf4 Bf6 15.Qd2 Ng7 
16.Rae1 Re8 17.Bf3 Bd4+ 18.Kh1 Ne5 19.Bxe5 Bxe5 20.Nxe5 Rxe5 21.Ne2 Bd7 
22.Nf4 Rae8 23.b4 cxb4 24.Qxb4 Rc8 25.Rb1 b5 26.cxb5 Bxb5 27.Rfd1 Qd7 28.
Rd4 g5 29.Nd3 Bxd3 30.Rxd3 g4 31.Bd1 Nh5 32.Rc3 Rf8 33.Rc6 Qe7 34.Qxd6 
Qxd6 35.Rxd6 Rxe4 36.Bc2 Rd4 37.Rxa6 Rxd5 38.Bd1 Rd4 39.Rh6 Ng7 40.Bc2 f5 
41.a4 Ne8 42.Rb7 Nf6 43.Kg1 Nd7 44.Bb3+ Kg7 45.Re6 Rd8 46.Re7+ Kg6 47.a5 
Nc5 48.Rg7+ Kf6 49.Rbf7+ Ke5 50.Bc2 Ne4 51.Bxe4 Kxe4 52.Re7+ Kf4 53.Re2 
Rd2 1/2-1/2

[Event "46th POL-ch (w)"]
[Site "Gdansk POL"]
[Date "1994.03.??"]
[Round "8"]
[White "Krynicka, Jolanta"]
[Black "Bednarska, Malgorzata"]
[Result "0-1"]
[WhiteElo "2150"]
[BlackElo "2235"]
[EventDate "1994.03.13"]
[PlyCount "128"]

1.Nf3 g6 2.g3 Bg7 3.Bg2 c5 4.O-O Nc6 5.c4 Nh6 6.Nc3 Nf5 7.d3 O-O 8.Bd2 Rb8
9.Rb1 a6 10.Ne4 d6 11.Bc3 b5 12.Bxg7 Kxg7 13.e3 Bd7 14.Qd2 Qa5 15.Nc3 bxc4
16.dxc4 Qb4 17.b3 f6 18.Ne1 Nh6 19.Nd3 Qa5 20.Rbc1 Nf7 21.Nf4 Nfe5 22.h3 
Rfe8 23.Rfd1 Nd8 24.Nfd5 Bxh3 25.f4 Bxg2 26.fxe5 Bxd5 27.exf6+ exf6 28.
Qxd5 Nf7 29.Rf1 Qd8 30.Ne4 Re5 31.Qd3 f5 32.Nd2 Qg5 33.Kf2 Rbe8 34.Rce1 
Qf6 35.Nf3 R5e6 36.Re2 Nh6 37.Rfe1 Ng4+ 38.Kg2 Qe7 39.Nd2 Qg5 40.e4 f4 41.
Qf3 Rf8 42.Qc3+ Ne5 43.Rf2 Ref6 44.Rg1 fxg3 45.Rxf6 Rxf6 46.Rf1 Qh6 47.
Kxg3 Qg5+ 48.Kh3 Qg4+ 49.Kh2 Qe2+ 50.Kg1 Rxf1+ 51.Nxf1 Kf8 52.Qh3 h5 53.
Nh2 Qxe4 54.Qf1+ Ke7 55.Qf2 g5 56.Qd2 Qf4 57.Qc2 Qe3+ 58.Kh1 Nd3 59.Qg2 
Nf2+ 60.Kg1 Nh3+ 61.Kh1 g4 62.Qb7+ Kf6 63.Qg2 Nf2+ 64.Kg1 Ne4+ 0-1

[Event "46th POL-ch (w)"]
[Site "Gdansk POL"]
[Date "1994.03.??"]
[Round "9"]
[White "Dabrowska, Krystyna"]
[Black "Bobrowska, Monika"]
[Result "1-0"]
[WhiteElo "2300"]
[BlackElo "2165"]
[EventDate "1994.03.13"]
[PlyCount "50"]

1.e4 e6 2.d4 d5 3.e5 c5 4.c3 Qb6 5.Nf3 Bd7 6.Be2 Bb5 7.c4 Bxc4 8.Bxc4 Qb4+
9.Nbd2 dxc4 10.a3 Qa5 11.O-O Qc7 12.Nxc4 cxd4 13.Qxd4 Nc6 14.Qc3 Be7 15.
Nd6+ Kf8 16.Rd1 Rd8 17.Be3 Bxd6 18.exd6 Qd7 19.b4 a6 20.a4 Rc8 21.Rac1 Nf6
22.Ne5 Nxe5 23.Qxc8+ Ne8 24.Qxd7 Nxd7 25.Rc8 f6 1-0